000 00422nam a2200145Ia 4500
008 100122s9999 xx 000 0 und d
082 _b34428
_a823.08
100 _aसाने शुभदा
245 _aचित्रांगण
260 _bमाधव रा.कानिटकर
_c1905
300 _a100
630 _aचित्रांगण
730 _aचित्रांगण
942 _cBOOK
999 _c418127
_d418124